000 01258nab a22002657a 4500
999 _c5554
_d5554
003 OSt
005 20251218075957.0
008 190429b xxu||||| |||| 00| 0 spa d
040 _cPJ
100 _96280
_aPalma, Mariano
245 1 0 _aProyectiles expansivos ¿su utilización representa un exceso en la legítima defensa? /
_cMariano Palma.
260 _cCiudad Autónoma de Buenos Aires :
_aThomson Reuters La Ley,
_b2025.
300 _ap. 37-42
500 _aCita: TR LALEY AR/DOC/401/2025
505 _aSumario: I. Introducción.— II. ¿Qué establece la reglamentación al respecto?— III. El principio de seguridad.— IV. Legítima defensa.— V. ¿Existe un exceso en la legítima defensa?— VI. Conclusión.
505 _tSi te interesa el texto completo, solicitalo a koha@justierradelfuego.gov.ar
650 0 _9343
_aDERECHO PENAL
650 0 _92793
_aLEGÍTIMA DEFENSA
650 0 _94805
_aEXCESO EN LA LEGITIMA DEFENSA
650 0 _92794
_aARMA DE FUEGO
650 0 _94885
_aDERECHOS DE LA VÍCTIMA
650 0 _91215
_aRESPONSABILIDAD DEL ESTADO
773 0 _02658
_93164
_tRevista de derecho penal y criminología. Nº 3 - Abril 2025
_dCiudad Autónoma de Buenos Aires : Thomson Reuters La Ley, 2017-
_x00347914
942 _2udc
_cANA